[Event "ch-Paris op C"]
[Site "Paris (Halle Carpentier)"]
[Date "2008.06.29"]
[Round "2.33"]
[White "Samy, Valerie"]
[Black "Dupont, Jean-Louis"]
[Result "1-0"]
[WhiteElo "1499"]
[BlackElo "1280"]
[PlyCount "69"]
[EventDate "2008.06.28"]

1. e4 e5 2. Nf3 Nc6 3. Bb5 a6 4. Ba4 Nf6 5. Nc3 Bc5 6. d4 exd4 7. Nd5 O-O 8.
Bg5 Re8 9. Nd2 Re6 10. Qf3 Ne5 11. Qg3 Bb4 12. Nxb4 c6 13. Bb3 Re8 14. O-O-O
Kh8 15. Bxf7 Nxf7 16. h4 Nxg5 17. hxg5 Nxe4 18. Nxe4 Rxe4 19. f3 Re5 20. Qh2
Qxg5+ 21. f4 Qg6 22. Nd3 Re6 23. Kb1 h6 24. Ne5 Qf6 25. g4 g5 26. Nf3 Kg7 27.
Nxd4 Re4 28. Nf5+ Kf8 29. fxg5 Qg6 30. Rhf1 Ke8 31. Nd6+ Ke7 32. Nxe4 d5 33.
Qe5+ Be6 34. Qd6+ Ke8 35. Rf8# 1-0

[Event "ch-Paris op C"]
[Site "Paris (Halle Carpentier)"]
[Date "2008.06.29"]
[Round "2.34"]
[White "Olivier, Camille"]
[Black "Timofeeva, Tatiana"]
[Result "1-0"]
[WhiteElo "1260"]
[BlackElo "1499"]
[PlyCount "109"]
[EventDate "2008.06.28"]

1. e4 e5 2. Nf3 Nc6 3. Bc4 Nf6 4. d3 d5 5. exd5 Nxd5 6. O-O Bc5 7. Re1 O-O 8.
Bg5 Qd6 9. Nbd2 Kh8 10. Ne4 Bxf2+ 11. Kxf2 Qe6 12. Nc5 Qd6 13. Ne4 Qe6 14. Kg1
f6 15. Bd2 b6 16. Nc3 Ncb4 17. d4 Bb7 18. Nxd5 Nxd5 19. dxe5 Qc6 20. Qe2 f5 21.
Rad1 a6 22. Bxd5 Qxd5 23. Bb4 Qxa2 24. Bxf8 Rxf8 25. b3 Be4 26. Ra1 Qb2 27. Qc4
a5 28. Qxc7 h6 29. Qxb6 Qxc2 30. Qxa5 Qxb3 31. Nd2 Qd5 32. Nxe4 Qxa5 33. Rxa5
fxe4 34. Rxe4 g5 35. e6 Re8 36. Rae5 Kg8 37. h3 Re7 38. h4 Kg7 39. hxg5 hxg5
40. Rxg5+ Kf6 41. Rgg4 Kf5 42. Rgf4+ Kg5 43. Kh2 Rxe6 44. Kg3 Rh6 45. Rg4+ Kf5
46. Ra4 Rg6 47. Rxg6 Kxg6 48. Kf4 Kf6 49. Ra5 Ke6 50. g3 Kf6 51. g4 Ke6 52. g5
Kd6 53. g6 Ke6 54. Ra7 Kf6 55. g7 1-0

[Event "ch-Paris op C"]
[Site "Paris (Halle Carpentier)"]
[Date "2008.06.29"]
[Round "2.35"]
[White "Nicodeme, Adrien"]
[Black "Vallobra, Thierry"]
[Result "0-1"]
[WhiteElo "1250"]
[BlackElo "1499"]
[PlyCount "62"]
[EventDate "2008.06.28"]

1. d4 d5 2. Nf3 Nc6 3. Bf4 Nf6 4. Nbd2 e6 5. g3 Bd6 6. Bxd6 Qxd6 7. Bg2 O-O 8.
O-O Re8 9. Re1 Re7 10. c3 e5 11. dxe5 Nxe5 12. e3 Nd3 13. Re2 Nxb2 14. Qb3 Nd3
15. c4 Ne5 16. Rc1 c6 17. Qc3 b6 18. Rd1 dxc4 19. Nxe5 Qxe5 20. Qxc4 c5 21.
Bxa8 Qd6 22. Bg2 b5 23. Qxb5 Ba6 24. Qb2 Bxe2 25. Rc1 Ba6 26. h3 h6 27. Qc2 Rc7
28. Nb3 c4 29. Rd1 cxb3 30. Rxd6 bxc2 31. Rd8+ Kh7 0-1

[Event "ch-Paris op C"]
[Site "Paris (Halle Carpentier)"]
[Date "2008.06.29"]
[Round "2.36"]
[White "Zodros, Denis"]
[Black "Vallipuram, Tarujan"]
[Result "1-0"]
[WhiteElo "1470"]
[BlackElo "1280"]
[PlyCount "53"]
[EventDate "2008.06.28"]

1. d4 d5 2. c4 dxc4 3. Nc3 Nc6 4. Nf3 Bg4 5. e3 Nf6 6. Bxc4 Bxf3 7. Qxf3 e6 8.
O-O Bd6 9. b3 O-O 10. Bb2 e5 11. Rad1 a6 12. Ne4 exd4 13. Nxf6+ Qxf6 14. Qxf6
gxf6 15. exd4 Nb4 16. a3 Nc6 17. f4 Ne7 18. d5 Nf5 19. Rf3 Bc5+ 20. Kh1 Nh4 21.
Rg3+ Ng6 22. Bxf6 Rfe8 23. f5 Re4 24. fxg6 hxg6 25. Rh3 Rh4 26. Rxh4 g5 27.
Rh8# 1-0

[Event "ch-Paris op C"]
[Site "Paris (Halle Carpentier)"]
[Date "2008.06.29"]
[Round "2.37"]
[White "Alary, Antoine"]
[Black "Boudia, Rayan"]
[Result "1-0"]
[WhiteElo "1200"]
[BlackElo "1430"]
[PlyCount "157"]
[EventDate "2008.06.28"]

1. e4 d6 2. d4 g6 3. Nf3 Bg7 4. Bc4 Nf6 5. Nc3 O-O 6. O-O Nbd7 7. Be3 c5 8. d5
a6 9. Re1 b5 10. Bd3 c4 11. Be2 Nc5 12. Bxc5 dxc5 13. e5 Ng4 14. Bf1 b4 15. Na4
Qa5 16. c3 Bd7 17. Ng5 Nxe5 18. b3 Bxa4 19. bxa4 h6 20. Ne4 f5 21. cxb4 cxb4
22. Nd2 Nd3 23. Bxd3 Bxa1 24. Qxa1 cxd3 25. Rxe7 Rf7 26. d6 Rxe7 27. dxe7 Kf7
28. Nc4 Qc5 29. Ne5+ Kxe7 30. Nxg6+ Ke6 31. Nf4+ Kd6 32. Nxd3 Qc3 33. Qxc3 bxc3
34. Kf1 Rc8 35. Ke2 c2 36. Kd2 Kd5 37. Nb4+ Kd4 38. Nxc2+ Ke5 39. Ne3 Rd8+ 40.
Ke2 Rb8 41. g4 Rb2+ 42. Kf3 f4 43. Nc4+ Kd4 44. Nxb2 Kc3 45. Nd1+ Kb4 46. Kxf4
Kc5 47. g5 hxg5+ 48. Kxg5 Kd6 49. h4 Ke7 50. h5 Kf8 51. Kg6 Kg8 52. h6 a5 53.
h7+ Kh8 54. Kg5 Kxh7 55. f4 Kg7 56. f5 Kf7 57. f6 Kg8 58. Kg6 Kf8 59. f7 Ke7
60. Kg7 Kd6 61. f8=Q+ Kc6 62. Qe7 Kd5 63. Ne3+ Kd4 64. Qa7+ Ke4 65. Nc4 Kd3 66.
Nd6 Kc3 67. Qxa5+ Kd4 68. Qd2+ Kc5 69. a5 Kc6 70. a6 Kc5 71. a7 Kb6 72. a8=Q
Kc7 73. Qa6 Kd7 74. Qh6 Kc7 75. Qa7+ Kc6 76. Qa5 Kd7 77. Ne4 Ke7 78. Qa7+ Ke8
79. Qh8# 1-0

[Event "ch-Paris op C"]
[Site "Paris (Halle Carpentier)"]
[Date "2008.06.29"]
[Round "2.38"]
[White "Lefort, Sophie"]
[Black "Bogdanovsky, Sonia"]
[Result "0-1"]
[WhiteElo "1199"]
[BlackElo "1420"]
[PlyCount "182"]
[EventDate "2008.06.28"]

1. e4 c5 2. Nf3 d6 3. d3 Nf6 4. Bg5 e6 5. Nc3 Be7 6. Be2 h6 7. Bh4 a6 8. a4 O-O
9. Qd2 Nc6 10. O-O Nh7 11. Bxe7 Qxe7 12. d4 cxd4 13. Nxd4 Nxd4 14. Qxd4 Nf6 15.
Rad1 Rd8 16. e5 Ne8 17. Ne4 d5 18. Ng3 Bd7 19. f4 f5 20. Rf3 b5 21. a5 Rac8 22.
c3 Qc5 23. Nh5 Qxd4+ 24. Rxd4 Kh7 25. h3 g6 26. Ng3 Ng7 27. Nf1 Bc6 28. g4 Bd7
29. Rg3 Rg8 30. Ne3 fxg4 31. hxg4 Rcf8 32. g5 h5 33. b3 Nf5 34. Nxf5 Rxf5 35.
c4 Bc6 36. cxb5 Bxb5 37. Bxb5 axb5 38. Rb4 Rb8 39. Kf2 Rf7 40. Ke3 Ra7 41. a6
Rxa6 42. Kd4 Rc6 43. Rc3 Rxc3 44. Kxc3 h4 45. Rd4 Kg7 46. Rd3 b4+ 47. Kb2 Rf8
48. Rf3 d4 49. Kc2 Rc8+ 50. Kd2 Rc3 51. Rf2 Rxb3 52. Kc1 Rc3+ 53. Kb1 h3 54.
Ra2 Rb3+ 55. Kc1 Ra3 56. Rd2 d3 57. Kb2 Rc3 58. Kb1 b3 59. Rh2 Rc2 60. Rxh3 d2
61. Rh1 Rc4 62. Rd1 Rxf4 63. Rxd2 Rf3 64. Rd7+ Rf7 65. Rxf7+ Kxf7 66. Kb2 Ke7
67. Kxb3 Kd7 68. Kc4 Kc6 69. Kd4 Kb5 70. Kd3 Kc5 71. Ke4 Kc4 72. Ke3 Kd5 73.
Kf4 Kd4 74. Kf3 Kxe5 75. Ke3 Kf5 76. Kf3 Kxg5 77. Ke3 Kf5 78. Kf3 g5 79. Ke3 e5
80. Kf3 g4+ 81. Ke3 e4 82. Kf2 Kf4 83. Kg2 e3 84. Kf1 Kf3 85. Kg1 g3 86. Kf1
e2+ 87. Ke1 g2 88. Kd2 g1=Q 89. Kd3 e1=Q 90. Kc4 Qd1 91. Kc3 Qgd4# 0-1

[Event "ch-Paris op C"]
[Site "Paris (Halle Carpentier)"]
[Date "2008.06.29"]
[Round "2.39"]
[White "Robinet-Duffo, Richard"]
[Black "Azouni, Anais"]
[Result "0-1"]
[WhiteElo "1420"]
[BlackElo "1250"]
[PlyCount "106"]
[EventDate "2008.06.28"]

1. e4 e6 2. Nf3 Nf6 3. Nc3 Bb4 4. a3 Bxc3 5. dxc3 Nxe4 6. Bd3 Nc5 7. O-O Nxd3
8. Qxd3 O-O 9. Ng5 g6 10. Qh3 h5 11. Ne4 d5 12. Bg5 f6 13. Bh6 e5 14. Qd3 Re8
15. Nc5 Bf5 16. Qb5 b6 17. Nd3 Qd7 18. Qb3 Nc6 19. Ne1 Na5 20. Qa2 Nc4 21. Rd1
e4 22. Rd4 e3 23. fxe3 Nxe3 24. Bxe3 Rxe3 25. Rxd5 Qe6 26. Rd8+ Rxd8 27. Qxe6+
Bxe6 28. h3 Rg3 29. Rxf6 Bf7 30. Kf2 Rg5 31. Rf4 Rf5 32. Kg3 Rxf4 33. Kxf4 Rf8
34. Kg5 Re8 35. Nf3 Bd5 36. Nh4 Re5+ 37. Kh6 Re2 38. Nxg6 Bf7 39. Nf4 Rxc2 40.
Nd3 Rxg2 41. Nb4 Rxb2 42. Nc6 Rh2 43. Ne7+ Kf8 44. Nf5 Rxh3 45. Ng7 h4 46. Kh7
Rg3 47. Nf5 Rg4 48. Nh6 Rc4 49. Nxf7 Kxf7 50. Kh6 h3 51. Kg5 h2 52. Kf5 h1=Q
53. Ke5 Qh5# 0-1

[Event "ch-Paris op C"]
[Site "Paris (Halle Carpentier)"]
[Date "2008.06.29"]
[Round "2.40"]
[White "Su, Sylvie"]
[Black "Minot, Barbara"]
[Result "0-1"]
[WhiteElo "1199"]
[BlackElo "1400"]
[PlyCount "62"]
[EventDate "2008.06.28"]

1. e4 d6 2. d4 Nf6 3. Nc3 g6 4. f3 Bg7 5. Bd3 Nbd7 6. Nge2 c6 7. O-O Qb6 8. Be3
O-O 9. a4 c5 10. d5 Ne5 11. Bb5 a6 12. a5 Qd8 13. Ba4 Nc4 14. Bc1 b5 15. Nxb5
axb5 16. Bxb5 Nxa5 17. Bd2 Bb7 18. Bc3 Qb6 19. Qd3 c4+ 20. Qd4 Qxb5 21. e5 dxe5
22. Qxe5 Qxd5 23. Qe3 Qe6 24. Qd2 Rfd8 25. Qf4 Qxe2 26. Rxa5 Nd5 27. Qxc4 Qxc4
28. Bd2 Qd4+ 29. Rf2 Rxa5 30. Bc3 Nxc3 31. bxc3 Ra1# 0-1

[Event "ch-Paris op C"]
[Site "Paris (Halle Carpentier)"]
[Date "2008.06.29"]
[Round "2.41"]
[White "Zeitoun, Maxime"]
[Black "Coadou, Alain"]
[Result "1-0"]
[WhiteElo "1400"]
[BlackElo "1210"]
[PlyCount "97"]
[EventDate "2008.06.28"]

1. d4 d6 2. c4 c6 3. e4 e6 4. Nc3 Qc7 5. Nf3 h6 6. Bd3 Nd7 7. Be3 b6 8. O-O Bb7
9. Qb3 Ne7 10. h3 g6 11. Na4 Bg7 12. c5 b5 13. Nc3 a6 14. a4 dxc5 15. dxc5 O-O
16. Rfd1 Ne5 17. Nd4 Nc4 18. Bxc4 bxc4 19. Qxc4 Bc8 20. b4 e5 21. Nb3 Be6 22.
Qe2 Bxb3 23. Rdb1 Be6 24. Qd2 Kh7 25. Qb2 f5 26. b5 axb5 27. axb5 Rxa1 28. Rxa1
cxb5 29. Nxb5 Rb8 30. Ra7 Rxb5 31. Rxc7 Rxb2 32. Rxe7 Bc4 33. c6 Ba6 34. exf5
gxf5 35. Kh2 Kg6 36. c7 Rb7 37. c8=Q Rxe7 38. Qxa6+ Kh5 39. Qe2+ Kg6 40. h4 h5
41. Bg5 Re6 42. f4 e4 43. Bd8 Bh6 44. g3 Rd6 45. Ba5 Bg7 46. Qb5 Rd3 47. Qe8+
Kh7 48. Qxh5+ Kg8 49. Qxf5 1-0

[Event "ch-Paris op C"]
[Site "Paris (Halle Carpentier)"]
[Date "2008.06.29"]
[Round "2.42"]
[White "Duffaud, Celia"]
[Black "Moimeaux, Archibald"]
[Result "0-1"]
[WhiteElo "1390"]
[BlackElo "1199"]
[PlyCount "38"]
[EventDate "2008.06.28"]

1. e4 d5 2. exd5 Qxd5 3. Nc3 Qa5 4. Nf3 Nf6 5. d4 Bg4 6. Be2 c6 7. O-O Nbd7 8.
Bf4 O-O-O 9. Ng5 Bxe2 10. Qxe2 Qf5 11. Nxf7 Qxf4 12. Nxh8 e5 13. Nf7 Re8 14.
dxe5 Nxe5 15. Nxe5 Bd6 16. Qf3 Qxe5 17. Qh3+ Kb8 18. Rae1 Qxe1 19. Rxe1 Rxe1#
0-1

[Event "ch-Paris op C"]
[Site "Paris (Halle Carpentier)"]
[Date "2008.06.29"]
[Round "2.43"]
[White "Combet, Pierre"]
[Black "Clement, Charlene"]
[Result "1-0"]
[WhiteElo "1370"]
[BlackElo "1130"]
[PlyCount "51"]
[EventDate "2008.06.28"]

1. Nf3 d5 2. c4 Nf6 3. cxd5 Nxd5 4. e4 Nf6 5. Nc3 Nc6 6. d4 e5 7. d5 Ne7 8.
Nxe5 c6 9. Bg5 Bg4 10. f3 Bh5 11. Bxf6 gxf6 12. Nc4 f5 13. d6 Nc8 14. e5 Qd7
15. Qc2 b5 16. Ne3 Qe6 17. Rd1 Nxd6 18. Rd2 f4 19. exd6 Qxe3+ 20. Re2 Be7 21.
Rxe3 fxe3 22. dxe7 Kxe7 23. Qe4+ Kd7 24. Qf5+ Kc7 25. Qxh5 Rhf8 26. Ne4 1-0

[Event "ch-Paris op C"]
[Site "Paris (Halle Carpentier)"]
[Date "2008.06.29"]
[Round "2.44"]
[White "Nadarajah, Phanujah"]
[Black "Lutard, Florian"]
[Result "0-1"]
[WhiteElo "1160"]
[BlackElo "1370"]
[PlyCount "132"]
[EventDate "2008.06.28"]

1. e4 c5 2. c4 g6 3. Nf3 Nf6 4. Nc3 Bg7 5. d4 cxd4 6. Qxd4 O-O 7. Bd2 Nc6 8.
Qe3 Nb4 9. Bd3 Nxd3+ 10. Qxd3 d6 11. O-O Bg4 12. h3 Be6 13. Rfe1 Rc8 14. b3 Qc7
15. Nd4 Bd7 16. Ncb5 Qc5 17. Nc3 Nh5 18. Be3 Nf4 19. Bxf4 Qxd4 20. Qxd4 Bxd4
21. Rac1 a6 22. Red1 Bg7 23. Na4 b5 24. Nb6 Rc7 25. c5 Rb8 26. Nxd7 Rxd7 27.
cxd6 Rbd8 28. e5 Bf8 29. Rd2 exd6 30. exd6 Bxd6 31. Bxd6 Rxd6 32. Rxd6 Rxd6 33.
Rc8+ Kg7 34. a3 Rd3 35. Ra8 Rxb3 36. Rxa6 b4 37. axb4 Rxb4 38. Kh2 h5 39. f3 h4
40. g3 Rb2+ 41. Kg1 hxg3 42. Ra1 f5 43. f4 Rh2 44. Ra7+ Kh6 45. Ra8 Rd2 46. Ra1
Rd4 47. Ra3 Rxf4 48. Rxg3 g5 49. Kg2 g4 50. hxg4 Rxg4 51. Rxg4 fxg4 52. Kg3 Kg5
53. Kf2 Kf4 54. Kg2 g3 55. Kf1 Kf3 56. Kg1 g2 57. Kh2 Kf2 58. Kh3 g1=Q 59. Kh4
Qg3+ 60. Kh5 Kf3 61. Kh6 Qg4 62. Kh7 Qg5 63. Kh8 Kf4 64. Kh7 Kf5 65. Kh8 Kf6
66. Kh7 Qg7# 0-1

[Event "ch-Paris op C"]
[Site "Paris (Halle Carpentier)"]
[Date "2008.06.29"]
[Round "2.45"]
[White "Spassky, Daniel"]
[Black "Lachkar, Dan"]
[Result "1-0"]
[WhiteElo "1370"]
[BlackElo "1120"]
[PlyCount "87"]
[EventDate "2008.06.28"]

1. Nf3 e6 2. c4 Nc6 3. e4 e5 4. Nc3 Bb4 5. Nd5 Nf6 6. a3 Bc5 7. d3 O-O 8. Bg5
h6 9. Bxf6 gxf6 10. Nh4 f5 11. Nxf5 d6 12. Nxh6+ Kh7 13. Qh5 Qd7 14. Nf6+ Kg7
15. Nxd7 Bxd7 16. Qg5+ Kh7 17. Be2 Nd4 18. Bd1 f6 19. Qh4 Bc6 20. O-O Bd7 21.
b4 Bb6 22. Ng4+ Kg7 23. Qh6+ Kf7 24. Qxf6+ Ke8 25. Qg6+ Kd8 26. Nh6 Be6 27.
Qg5+ Kc8 28. Qe7 Rd8 29. a4 c6 30. a5 Bc7 31. a6 bxa6 32. Rxa6 Rd7 33. Qf8+ Bd8
34. Qh8 Rb8 35. Ra4 Ra8 36. Bg4 Bxg4 37. Nxg4 Rb8 38. Nf6 Rc7 39. Ne8 Re7 40.
Nxd6+ Kd7 41. c5 Ne2+ 42. Kh1 Nd4 43. Rxa7+ Ke6 44. Qh6# 1-0

[Event "ch-Paris op C"]
[Site "Paris (Halle Carpentier)"]
[Date "2008.06.29"]
[Round "2.47"]
[White "Le Cour, Hugo"]
[Black "Zeitoun, David"]
[Result "0-1"]
[WhiteElo "1130"]
[BlackElo "1330"]
[PlyCount "100"]
[EventDate "2008.06.28"]

1. d4 d5 2. Nc3 Nf6 3. Nf3 e6 4. Bg5 Nc6 5. e3 Bb4 6. Bb5 Bd7 7. O-O Bxc3 8.
bxc3 a6 9. Bxc6 Bxc6 10. Rb1 Bb5 11. Re1 O-O 12. Qd2 h6 13. Bxf6 Qxf6 14. a4
Bc6 15. c4 dxc4 16. Qc3 b5 17. Ne5 Be8 18. axb5 axb5 19. Ra1 Rxa1 20. Rxa1 Qd8
21. h3 f6 22. Nf3 Bh5 23. Nd2 Qd5 24. f3 e5 25. e4 exd4 26. Qa3 Qd8 27. Qb4 Qd7
28. Ra5 Rb8 29. Qc5 d3 30. Qa7 Rd8 31. cxd3 Qxd3 32. Nf1 Qd7 33. Ra1 Qd3 34.
Qxc7 Qd4+ 35. Kh1 Rd7 36. Qb8+ Rd8 37. Qxb5 Qxa1 38. Qd5+ Rxd5 39. exd5 Qxf1+
40. Kh2 c3 41. d6 Qd1 42. Kg3 Qxd6+ 43. Kh4 Qf4+ 44. g4 Qg5+ 45. Kg3 c2 46. f4
Qg6 47. f5 Qe8 48. gxh5 Qe3+ 49. Kg4 c1=Q 50. h4 Qcg1# 0-1

[Event "ch-Paris op C"]
[Site "Paris (Halle Carpentier)"]
[Date "2008.06.29"]
[Round "2.48"]
[White "Maury, Anette"]
[Black "Tiberghien, Luc"]
[Result "1-0"]
[WhiteElo "1320"]
[BlackElo "1030"]
[PlyCount "54"]
[EventDate "2008.06.28"]

1. e4 e5 2. Nf3 Nf6 3. Nc3 Bb4 4. d3 d6 5. a3 Ba5 6. b4 Bb6 7. h3 O-O 8. Be2
Nc6 9. Bg5 Be6 10. O-O Bd4 11. Nd5 Bxa1 12. Qxa1 Bxd5 13. exd5 Nd4 14. Nxd4
exd4 15. Qxd4 Re8 16. Bf3 Re5 17. Bf4 Re7 18. c4 Qe8 19. Qa1 Qd7 20. Bg5 Rae8
21. Bxf6 gxf6 22. Qxf6 Qa4 23. Qg5+ Kh8 24. Qc1 Qd7 25. Qc2 Rg8 26. Qc3+ Re5
27. Re1 f6 1-0

[Event "ch-Paris op C"]
[Site "Paris (Halle Carpentier)"]
[Date "2008.06.29"]
[Round "2.49"]
[White "Sancey, Frederic"]
[Black "Paillet, Raymond"]
[Result "0-1"]
[WhiteElo "1070"]
[BlackElo "1320"]
[PlyCount "38"]
[EventDate "2008.06.28"]

1. d4 Nf6 2. c4 c6 3. Nc3 b6 4. e3 d5 5. Bd3 e6 6. Nf3 Be7 7. O-O O-O 8. Re1
Ba6 9. e4 dxc4 10. Bc2 Qc7 11. e5 Nd5 12. Ne4 c5 13. dxc5 b5 14. Nfg5 Qxe5 15.
Nxh7 Qc7 16. Qh5 Nd7 17. Nef6+ N7xf6 18. Nxf6+ Nxf6 19. g4 Nxh5 0-1

[Event "ch-Paris op C"]
[Site "Paris (Halle Carpentier)"]
[Date "2008.06.30"]
[Round "3.1"]
[White "Elzoghlami, Mehdi"]
[Black "Segarra, Rene"]
[Result "0-1"]
[WhiteElo "1500"]
[BlackElo "1380"]
[PlyCount "68"]
[EventDate "2008.06.28"]

1. e4 d6 2. d4 g6 3. Nf3 Bg7 4. Nc3 h6 5. Be3 e6 6. Bd3 a6 7. Qd2 Nd7 8. d5 e5
9. O-O-O Nc5 10. Ng1 Nxd3+ 11. Qxd3 Nf6 12. Nge2 Ng4 13. f3 Nxe3 14. Qxe3 Bf6
15. Kb1 Bd7 16. g3 b5 17. Ka1 b4 18. Nb1 a5 19. Rhf1 Qb8 20. f4 Qd8 21. fxe5
Bxe5 22. Qf2 Rh7 23. Nf4 Qf6 24. Nd3 Qg7 25. Nxe5 Qxe5 26. Rd3 Bb5 27. Rf3 Bxf1
28. Qxf1 Rb8 29. Nd2 a4 30. Nc4 Qe7 31. Kb1 Kf8 32. Na5 Qxe4 33. Nc6 Re8 34. a3
b3 0-1

[Event "ch-Paris op C"]
[Site "Paris (Halle Carpentier)"]
[Date "2008.06.30"]
[Round "3.2"]
[White "Caille, Hugo"]
[Black "Valencia, Gabriel"]
[Result "0-1"]
[WhiteElo "1390"]
[BlackElo "1499"]
[PlyCount "58"]
[EventDate "2008.06.28"]

1. e4 c6 2. Nf3 d5 3. exd5 cxd5 4. Nc3 Bg4 5. h3 Bxf3 6. Qxf3 Nf6 7. d4 Nc6 8.
Bb5 a6 9. Bxc6+ bxc6 10. O-O e6 11. Bg5 Be7 12. a4 Qb6 13. b3 Qxd4 14. a5 h6
15. Ra4 Qc5 16. b4 Qd6 17. Be3 d4 18. Bf4 Qd7 19. Na2 O-O 20. Qg3 Nh5 21. Qg4
Nxf4 22. Qxf4 Bd6 23. Qxd4 Bh2+ 24. Kxh2 Qxd4 25. c3 Qd2 26. g3 Rad8 27. Kg2
Qc2 28. Ra3 Qb2 29. Ra4 Qb3 0-1

[Event "ch-Paris op C"]
[Site "Paris (Halle Carpentier)"]
[Date "2008.06.30"]
[Round "3.3"]
[White "Hassanaly, Ikbal"]
[Black "Sriskantharajah, Niroshan"]
[Result "1/2-1/2"]
[WhiteElo "1490"]
[BlackElo "1370"]
[PlyCount "54"]
[EventDate "2008.06.28"]

1. e4 e6 2. d4 d5 3. e5 c5 4. c3 Nc6 5. Bb5 Bd7 6. Be3 Qb6 7. Bxc6 Bxc6 8. b3
f6 9. f4 Be7 10. Nd2 cxd4 11. Bxd4 Bc5 12. Ngf3 Bxd4 13. Nxd4 Bd7 14. a4 Ne7
15. Qh5+ g6 16. Qh3 f5 17. a5 Qc7 18. O-O O-O 19. b4 a6 20. Rac1 Nc6 21. N4f3
Kg7 22. Nb3 b6 23. Ng5 h6 24. Nf3 bxa5 25. Nc5 axb4 26. cxb4 h5 27. Nd4 Qa7
1/2-1/2

[Event "ch-Paris op C"]
[Site "Paris (Halle Carpentier)"]
[Date "2008.06.30"]
[Round "3.4"]
[White "Benhaim, Louis"]
[Black "Souchaud, Raymond"]
[Result "1-0"]
[WhiteElo "1340"]
[BlackElo "1480"]
[PlyCount "60"]
[EventDate "2008.06.28"]

1. d4 d5 2. Nf3 h6 3. c4 e6 4. Nc3 Nf6 5. e3 Bb4 6. Bd2 a6 7. a3 Bxc3 8. Bxc3
Bd7 9. Bd3 dxc4 10. Bxc4 O-O 11. O-O Re8 12. Bd3 Bb5 13. Re1 c5 14. Bxb5 axb5
15. dxc5 Nd5 16. Be5 Nd7 17. Bd6 Rc8 18. b4 b6 19. Rc1 bxc5 20. bxc5 Rc6 21.
Nd4 Rc8 22. Nxb5 N7f6 23. e4 Ne7 24. Qe2 Qd7 25. Bxe7 Rxe7 26. Red1 Qb7 27. Nd6
Qa8 28. Nxc8 Qxc8 29. Rd2 Qa8 30. Rb2 Qxa3 {...} 1-0

[Event "ch-Paris op C"]
[Site "Paris (Halle Carpentier)"]
[Date "2008.06.30"]
[Round "3.5"]
[White "Trocme, Jacques"]
[Black "Sampaio, Victor"]
[Result "1-0"]
[WhiteElo "1480"]
[BlackElo "1350"]
[PlyCount "51"]
[EventDate "2008.06.28"]

1. Nf3 d5 2. d4 Nf6 3. h3 Nc6 4. e3 Ne4 5. c4 Bf5 6. g4 Be6 7. c5 b6 8. Bb5 Bd7
9. Qa4 Nb8 10. c6 Be6 11. Nc3 Nxc3 12. bxc3 g6 13. Ng5 Qc8 14. f3 f6 15. Nxe6
Qxe6 16. Rh2 Bh6 17. Re2 Qd6 18. f4 e5 19. Ba3 Qe6 20. O-O-O exf4 21. exf4
Bxf4+ 22. Kb2 Be5 23. dxe5 fxe5 24. Rde1 Kd8 25. Rxe5 Qf6 26. Be7+ 1-0

[Event "ch-Paris op C"]
[Site "Paris (Halle Carpentier)"]
[Date "2008.06.30"]
[Round "3.6"]
[White "Puyo, Elisabeth"]
[Black "Roux, Jean-Marie"]
[Result "1-0"]
[WhiteElo "1300"]
[BlackElo "1470"]
[PlyCount "57"]
[EventDate "2008.06.28"]

1. e4 e5 2. Nf3 Nc6 3. Bc4 Bc5 4. c3 Nf6 5. d4 exd4 6. cxd4 Bb4+ 7. Nc3 Nxe4 8.
O-O Nxc3 9. bxc3 Bxc3 10. Ba3 d6 11. Rc1 Ba5 12. d5 Ne7 13. Qa4+ c6 14. dxc6
Bc7 15. cxb7+ Bd7 16. Bxf7+ Kf8 17. Qf4 Rb8 18. Be6+ Nf5 19. Qxf5+ Qf6 20.
Qxf6+ gxf6 21. Bxd7 Rxb7 22. Bc8 Rb6 23. Rxc7 a5 24. g3 h5 25. Re1 Rh6 26. Re6
Rb1+ 27. Kg2 Rb8 28. Bxd6+ Kg8 29. Re8# 1-0

[Event "ch-Paris op C"]
[Site "Paris (Halle Carpentier)"]
[Date "2008.06.30"]
[Round "3.7"]
[White "Fattaccini, Paul-Andre"]
[Black "Belhadj, Mourad"]
[Result "1-0"]
[WhiteElo "1199"]
[BlackElo "1460"]
[PlyCount "109"]
[EventDate "2008.06.28"]

1. e4 e5 2. Nf3 Nc6 3. Bb5 d6 4. d4 Bd7 5. O-O a6 6. Ba4 b5 7. Bb3 Bg4 8. Be3
Nf6 9. Nbd2 exd4 10. Bg5 Be7 11. Bxf6 Bxf6 12. Rb1 Bg5 13. Qe1 Rb8 14. e5 Bxd2
15. Nxd2 Nxe5 16. f4 Qe7 17. fxe5 Be6 18. exd6 Qxd6 19. Bxe6 fxe6 20. Rd1 Rf8
21. Nf3 Rf6 22. Nxd4 Rxf1+ 23. Kxf1 Qxh2 24. Qxe6+ Kf8 25. Qh3 Qf4+ 26. Qf3
Qxf3+ 27. Nxf3 c5 28. Ne5 Rc8 29. c4 b4 30. Rd5 Ke7 31. Nd3 a5 32. b3 Ra8 33.
Nxc5 Rd8 34. Rxd8 Kxd8 35. Nb7+ Kc7 36. Nxa5 Kb6 37. Ke2 Kxa5 38. Kd3 h5 39.
Ke3 Kb6 40. Kf4 Kc5 41. Kg5 Kd4 42. Kxh5 Kc3 43. c5 Kb2 44. c6 Kxa2 45. c7 Kxb3
46. c8=Q Ka2 47. Qc4+ b3 48. Qxb3+ Kxb3 49. g4 Kc4 50. Kg6 Kd5 51. Kxg7 Ke6 52.
g5 Ke7 53. g6 Ke8 54. Kh8 Kf8 55. g7+ 1-0

[Event "ch-Paris op C"]
[Site "Paris (Halle Carpentier)"]
[Date "2008.06.30"]
[Round "3.8"]
[White "Cohen-Codar, Isabelle"]
[Black "Pallandre, Christian"]
[Result "0-1"]
[WhiteElo "1180"]
[BlackElo "1440"]
[PlyCount "63"]
[EventDate "2008.06.28"]

1. e4 e6 2. d4 d5 3. e5 c5 4. Nf3 Nc6 5. c3 Qb6 6. Bd3 Nge7 7. O-O Nf5 8. Re1
cxd4 9. c4 dxc4 10. Bxc4 Bc5 11. Nbd2 O-O 12. Ne4 Be7 13. a3 Qc7 14. Bf4 b6 15.
b4 Bb7 16. Rc1 Qd7 17. Bd3 a5 18. Qd2 axb4 19. Bg5 bxa3 20. Nf6+ Bxf6 21. exf6
g6 22. Ne5 Nxe5 23. Rxe5 Rfc8 24. Bb5 Rxc1+ 25. Qxc1 Qc8 26. Qa1 Qc3 27. Qd1 a2
28. g3 a1=Q 29. Qf1 Qxf1+ 30. Kxf1 Ra1+ 31. Ke2 Ra2+ 32. Kf1 0-1

[Event "ch-Paris op C"]
[Site "Paris (Halle Carpentier)"]
[Date "2008.06.30"]
[Round "3.9"]
[White "Pierre, Laurent"]
[Black "Buchner, David"]
[Result "1-0"]
[WhiteElo "1440"]
[BlackElo "1340"]
[PlyCount "75"]
[EventDate "2008.06.28"]

1. e4 c5 2. Nc3 d6 3. Bb5+ Bd7 4. Nf3 a6 5. Bxd7+ Nxd7 6. d3 g6 7. O-O Bg7 8.
Bd2 Ngf6 9. h3 b5 10. a3 Qb6 11. Qc1 O-O 12. Bh6 b4 13. Bxg7 Kxg7 14. Na4 Qb5
15. axb4 cxb4 16. b3 e5 17. Qd2 Rac8 18. Rfc1 d5 19. exd5 Nxd5 20. Nb2 Nc3 21.
Nc4 Rc6 22. Ra5 Qb8 23. Ncxe5 Nxe5 24. Nxe5 Rd6 25. Re1 Qb6 26. Nc4 Qc7 27.
Rea1 Re6 28. Rxa6 Re2 29. Qg5 Rfe8 30. Ne3 Qd7 31. Qf6+ Kg8 32. Ra7 Qe6 33.
Qxe6 Rxe6 34. Ra8+ Kg7 35. Rb8 Rf6 36. Ng4 Rf5 37. Raa8 f6 38. Ra7+ 1-0

[Event "ch-Paris op C"]
[Site "Paris (Halle Carpentier)"]
[Date "2008.06.30"]
[Round "3.10"]
[White "Hermez, Mohammed"]
[Black "Geoffroy, Boris"]
[Result "1-0"]
[WhiteElo "1400"]
[BlackElo "1330"]
[PlyCount "79"]
[EventDate "2008.06.28"]

1. e4 e5 2. Nf3 Nf6 3. Nxe5 d6 4. Nf3 Nxe4 5. d3 Nf6 6. Be2 d5 7. O-O Bd6 8. d4
O-O 9. Nc3 Bg4 10. Bg5 Bxf3 11. Bxf3 c6 12. Re1 Nbd7 13. a3 Qc7 14. g3 Rfe8 15.
Qd3 Rxe1+ 16. Rxe1 Re8 17. Rxe8+ Nxe8 18. b4 Nef6 19. Ne2 a5 20. Qb3 axb4 21.
axb4 b6 22. c4 Ne4 23. Bxe4 dxe4 24. c5 bxc5 25. bxc5 Qa5 26. Qb7 Nf8 27. cxd6
e3 28. Bxe3 h6 29. Qc7 Qe1+ 30. Kg2 Qxe2 31. d7 Qd3 32. d8=Q Qe4+ 33. Kh3 Qf5+
34. g4 Qf3+ 35. Qg3 Qe2 36. g5 Qf1+ 37. Qg2 Qe2 38. gxh6 Qh5+ 39. Qh4 Qf5+ 40.
Qgg4 1-0

[Event "ch-Paris op C"]
[Site "Paris (Halle Carpentier)"]
[Date "2008.06.30"]
[Round "3.11"]
[White "Larue, Daniel"]
[Black "Banat, Rizlene"]
[Result "1-0"]
[WhiteElo "1499"]
[BlackElo "1360"]
[PlyCount "49"]
[EventDate "2008.06.28"]

1. e4 c5 2. Nf3 d6 3. d4 cxd4 4. c3 dxc3 5. Nxc3 Nf6 6. Bc4 g6 7. Qe2 Bg7 8.
O-O O-O 9. Rd1 Nc6 10. e5 Ne8 11. Bg5 Qc7 12. Nd5 Qd7 13. exd6 Nxd6 14. Nxe7+
Nxe7 15. Bxe7 Re8 16. Rxd6 Qxe7 17. Qxe7 Rxe7 18. Rd8+ Bf8 19. Re1 Rc7 20. Ree8
Rxc4 21. Rxf8+ Kg7 22. h3 Rc7 23. Ne5 b6 24. Ng4 a5 25. Rg8# 1-0